| 000 | 01678cam a22002653a 4500 | ||
|---|---|---|---|
| 001 | 6438 | ||
| 003 | PGUSA | ||
| 005 | 20140828083132.0 | ||
| 008 | 040901s2004||||xxu|||||s|||||000 p eng d | ||
| 040 |
_aPGUSA _beng |
||
| 042 | _adc | ||
| 050 | 4 | _aPS | |
| 100 | 1 |
_aCarryl, Guy Wetmore, _d1873-1904 |
|
| 245 | 1 | 0 |
_aFables for the Frivolous _h[electronic resource] / _cGuy Wetmore Carryl |
| 260 |
_bProject Gutenberg, _c2004 |
||
| 505 | 0 | _aThe ambitious fox and the unapproachable grapes -- The persevering tortoise and the pretentious hare -- The patrician peacocks and the overweening jay -- The arrogant frog and the superior bull -- The domineering eagle and the inventive bratling -- The iconoclastic rustic and the apropos acorn -- The unusual goose and the imbecilic woodcutter -- The rude rat and the unostentatious oyster -- The urban rat and the suburban rat -- The impecunious cricket and the frugal ant -- The pampered lapdog and the misguided ass -- The vainglorious oak and the modest bullrush -- The inhuman wolf and the lamb sans gene -- The sycophantic fox and the gullible raven -- The microscopic trout and the machiavellian fisherman -- The confiding peasant and the maladroit bear -- The precipitate cock and the unappreciated pearl -- The abbreviated fox and his sceptical comrades -- The hospitable caledonian and the thankless viper -- The impetuous breeze and the diplomatic sun. | |
| 506 | _aPublic domain in the USA. | ||
| 516 | _aElectronic text | ||
| 653 | _aFables | ||
| 653 | _aHumorous poetry | ||
| 700 | 1 |
_aNewell, Peter, _d1862-1924 |
|
| 830 | 0 |
_aProject Gutenberg _v6438 |
|
| 856 | 4 | 0 | _uhttp://www.gutenberg.org/ebooks/6438 |
| 942 | _cEB | ||
| 999 |
_c235761 _d235761 |
||